• 首页
  • 本馆介绍
  • 公告通知
  • 最新文献
  • 馆藏检索
  • 电子资源
  • 读者导购
  • 参考咨询
  • 我的图书馆
  • 登录
  • 详细信息显示
  • 放入我的书架
  • 预约/预借图书
  • 作者相关作品
  • 分类相关作品
  • 丛书相关作品
  • 出版社相关作品

书目信息

  • 表格格式
  • 工作单格式
  • 卡片格式
题名:
真正的和平
    
 
作者: 尼克松 著 ;张光远 译
分册:  
出版信息: 北京   新华出版社  1985
页数: 118页
开本: 19cm
丛书名:
单 册:
中图分类: D50
科图分类:
主题词: 国际政治--概况 , 国际形势 , 三个世界理论
电子资源:
ISBN:
000 00793nam0 2200277 45
001 0185002037
005 20050627154323.9
010    @dCNY0.75
091    @a3203.080
100    @a19931115d1985 kemy0chiy0121 ea
101 1  @achi@ceng
102    @aCN@b110000
105    @ay z 000yy
200 10 @a真正的和平@Azhen zheng de he ping@f(美)理查德·尼克松著@F(Mei)Li Cha De·Ni Ke Song Zhu@g张光远译
210    @a北京@c新华出版社@d1985
215    @a118页@d19cm
300    @a根据波士顿多伦多利特尔-布朗公司1984年版译出
606 0  @a国际政治@x概况
606 0  @a国际形势
606    @a三个世界理论
690    @aD50@v3
701  0 @a尼克松@4著
702  0 @a张光远@AZhang Guang Yuan@4译
801  0 @aCN@b深圳图书馆@c20040421
801  2 @aCN@bNLC@c20040421
905    @dD50@e31@f1@b166118
    
    真正的和平/(美)理查德·尼克松著/张光远译.-北京:新华出版社,1985
    118页;19cm
    根据波士顿多伦多利特尔-布朗公司1984年版译出
    
    ISBN :CNY0.75
    
●
相关链接 在E读中查询图书 在五车中查询图书 在当当中查询图书 在豆瓣中查询图书


正题名:真正的和平     索取号:D50/31         预约/预借

序号 登录号 条形码 馆藏地/架位号 状态 备注
1 0166114   001111013   密集书库/ [索取号:D50/31] 在馆    
2 0166115   001111772   密集书库/ [索取号:D50/31] 在馆    
3 0166116   000481954   密集书库/ [索取号:D50/31] 在馆    
4 0166117   001111834   密集书库/ [索取号:D50/31] 在馆    
5 0166118   000481963   第一样本阅览室/ [索取号:D50/31] 在馆    
唐山师范学院图书馆 欢迎您!
大连网信软件有限公司© 版权所有